Titeuf (Registo nº 1138)

Detalhes MARC
000 -Etiqueta do registo
Cabeçalho 01144cam a2200421 i 4500
005 - Identificador da versão
Campo de controlo 20240813121826.0
010 ## - Número internacional normalizado dos livros (ISBN)
Número (ISBN) 9724130940
Número (ISBN) 972-41-4646-4
Número (ISBN) 972-41-3230-7
Número (ISBN) 972-41-3556-X
021 ## - Número do Depósito Legal
Código do país PT
Número 182875/02
Código do país PT
Número 188979/02
Código do país PT
Número 197680/03
Código do país PT
Número 238977/06
100 ## - Dados gerais de processamento
Dados gerais de processamento 20030515g200 9999demy0pory5003 03ba
102 ## - Pais de publicação ou produção
País de publicação Portugal
101 1# - Língua de publicação
Língua do texto, banda sonora, etc. Português
Língua do documento no original Francês
106 ## - Campo de dados codificados: material textual
Dados codificados do material textual r
105 ## - Campo de dados codificados: livros
Dados codificados dos livros a t 000zy
215 ## - Descrição física 
Indicação específica da natureza do documento e extensão da espécie v.
Outras indicações físicas il.
Dimensões 29 cm
200 1# - Titulo e menção de responsabilidade
Título próprio Titeuf
Primeira menção de responsabilidade Zep
Outras menções de responsabilidade trad. Paula Caetano
205 ## - Menção da edição
Menção da edição 1a ed
210 ## - Publicação, Distribuição, etc. 
Lugar da edição, distribuição, etc. Porto
Nome do editor, distribuidor, etc. Asa
Data da publicação, distribuição, etc. [200-]-
327 0# - Nota de conteúdo 
Texto da nota 2o v.: O amor é bué da estranho. - 2002. - 48 p.
304 ## - Notas relativas a título e menção de responsabilidade 
Texto da nota Tit. orig.: Et le derrière des Choses
517 1# - Outras variantes do título
Variant Title O amor é bué da estranho
Variant Title As miúdas ficam banzados
Variant Title N'é nada justo...
Variant Title O busílis da questão
675 ## - Classificação Decimal Universal (CDU)
Notação 741
Edição BN
Língua da edição por
Notação 821.133.1(494)-9"19/20"
Edição BN
Língua da edição por
702 #1 - Nome de autor-pessoa física (responsabilidade secundária)
Número de registo de entrada de autoridade 0001553
Palavra de ordem Caetano
Outra parte do nome não tomada para palavra de ordem Paula
Código de função Tradutor
700 #1 - Nome de autor-pessoa física (responsabilidade principal)
Número de registo de entrada de autoridade 0001552
Palavra de ordem Zep
Elementos de identificação ou distinção pseud.
942 ## - Elementos de entrada adicionados (Koha)
Tipo de item no Koha Livro
Exemplares
Situação do levantamento Origin of item (home branch) (coded) Biblioteca de empréstimo Código de barras Cota Circulation type (not for loan) Tipo de documento Nota do exemplar Damaged status
  Biblioteca Escolar Eng. Nuno Mergulhão Biblioteca Escolar Eng. Nuno Mergulhão BENM2074 8BD ZEP   Livro Sem mensagem